000 00902cab a2200265 4500
001 WB3321-06
008 090401t1997 xxu||||| |||| 00| 0 eng d
035 _a(Sirsi) u78596
041 _aeng
245 _aBoom without gloom
260 _c1997
350 _a0
490 _aSunday Business
_v25 May 1997, 35(2)
520 _aAccording to the latest property market reports, the central London office market is experiencing a mini-boom. However, many funding institutions remain wary of investing too heavily.
650 _aAPPLIED PROPERTY RESEARCH
650 _aCENTRAL LONDON
650 _aCHESTERTON
650 _aHILLIER PARKER
650 _aPROPERTY-COMMERCIAL PROPERTY-OFFICE PROPERTY-OFFICE PROPERTY MARKET
650 _aOFFICE SPACE
650 _aSUPPLY AND DEMAND
690 _aPROPERTY-COMMERCIAL PROPERTY-COMMERCIAL PROPERTY MARKET
942 _n0
948 _c28/05/1997
999 _c49427
_d49427